000 01225cam a2200277 i 4500
003 SA-RiAUC
005 20260221121147.0
008 260204s1926 ua g 00000 ara c
040 _aSA-RiKSU
_bara
_cSA-RiAUC
_erda
082 0 4 _a243
090 _aم ن 243
_bش ن ق
100 1 _aالشنقيطي، محمد بن عبد الله بن أحمد،
_d1295-1363 هجري
_eمؤلف.
245 1 0 _aرسالة الجواب المقنع المحرر في الرد على من طغى وتجبر بدعوى أنه عيسى أو المهدي المنتظر /
_cتأليف محمد حبيب الله الشنقيطي.
250 _aالطبعة الثانية.
264 1 _a[مكان النشر غير محدد] :
_b[الناشر غير محدد]،
_c1926
264 3 _aالقاهرة :
_bمطبعة المعاهد
300 _a34 صفحة ؛
_c29 سم
336 _aنص
_btxt
_2rdacontent
_3كتاب
337 _aبدون وسيط
_bn
_2rdamedia
338 _aمجلد
_bnc
_2rdacarrier
650 7 _aالإسلام
_xدفع مطاعن
_2aucsh
650 7 _aالمهدي المنتظر (شيعة)
_2aucsh
650 7 _aالسمعيات
_2aucsh
942 _2ddc
_cRBOOK COPY
_n0
949 _aSA-JeALM
_d260204
_umohamedma123
_n1
999 _c14431
_d14431